Euroopan maat - kirjoita alkukirjain - Statistics

Yleistilastot
  • Tätä visaa on pelattu 13 157 kertaa
  • Keskiarvotulos 28 / 45
Vastaukset kartalla
Vastauksille on annettu kartalla punavihreä väri sen mukaan, kuinka moni on saanut sen oikein.
 
Vastaustilastot
Valtio % Oikein
Latvia
64%
Islanti
63%
Italia
63%
Puola
63%
Ranska
63%
Ruotsi
63%
Saksa
63%
Suomi
63%
Yhdistynyt kuningaskunta
63%
Espanja
62%
Irlanti
62%
Kreikka
62%
Liettua
62%
Luxemburg
62%
Norja
62%
Portugali
62%
Romania
62%
Tanska
62%
Vatikaanivaltio
62%
Venäjä
62%
Viro
62%
Alankomaat
61%
Andorra
61%
Belgia
61%
Itävalta
61%
Liechtenstein
61%
Monaco
61%
San Marino
61%
Slovakia
61%
Slovenia
61%
Sveitsi
61%
Tšekki
61%
Ukraina
61%
Valko-Venäjä
61%
Albania
60%
Bulgaria
60%
Kroatia
60%
Malta
60%
Moldova
60%
Pohjois-Makedonia
60%
Serbia
60%
Kosovo
59%
Montenegro
59%
Unkari
59%
Bosnia ja Hertsegovina
58%
Ehtoja vastaavia visoja ei löytynyt
Tulosjakauma
Jokaisen tuloksen saaneiden osuus
Persentiili vastausten määrän mukaan
Tuloshistoriasi
Et ole pelannut tätä visaa